| 000 | 00404nam a2200157Ia 4500 | ||
|---|---|---|---|
| 003 | GCL | ||
| 008 | 140319s9999 xx 000 0 eng d | ||
| 040 |
_aGCL / _cGCL |
||
| 082 | 0 | 4 |
_aCH _b843.02 _bW M |
| 100 | 1 | _aWALT DISNEY COMPANY | |
| 245 | 1 | 0 |
_aFRISTOIRES LIVE ET A RACONTER / _cWALT DISNEY COMPANY |
| 260 |
_a[S.N] : _bNAEF |
||
| 650 | 0 | 4 | _aSTORIES |
| 650 | 0 | 4 | _aCHILDREN - STORIES |
| 942 |
_2ddc _cBK |
||
| 999 |
_c12681 _d12681 |
||